Revista vLex de Derecho Administrativo

Bibliographic Details
Format: eBook
Language:Spanish
Published: Barcelona: Editorial vLex, 2020 -
Subjects:
Online Access:Acceso restringido

MARC

LEADER 00000nam a22000007a 4500
005 2020030408198.0
007 cr|||| ||||
008 200304c20209999es zn|w s|||| 0|||b1spa d
035 |a 31198 
040 |a vLex 
090 |c 10176  |d 10176 
245 0 0 |a Revista vLex de Derecho Administrativo  |h [Recurso electrn̤ico] / 
256 |a Servicio en ln̕ea 
260 |a Barcelona:  |b Editorial vLex,  |c 2020 - 
300 |a 1 recurso electrn̤ico 
310 |a Irregular 
362 |a Nð 1-2020 (Ene. 2020) - 
506 1 |a Disponible solo en los productos indicados  |d vLex Global  |d vLex Global (Academic Edition, excluding Law Schools)  |d vLex Global (U.S. Academic Edition, Law Schools)  |d vLex Global (U.S. Academic Edition, excluding Law Schools)  |d vLex Global (Academic Edition, Law Schools) 
650 0 4 |a Derecho Pb︢lico y Administrativo  |z Espaą 
740 0 |a vLex Revistas (Servicio en ln̕ea) 
856 4 0 |u http://vlex.com/source/revista-vlex-de-derecho-administrativo-31198  |z Acceso restringido 
942 |c BOOK 
999 0 |a Public and Administrative Law